Eironeia : la figuración irónica en el discurso literario moderno /

Bibliographic Details
Main Author: Ballart, Pere, 1964-
Format: Book
Language:Spanish
Published: Barcelona : Quaderns Crema, 1994.
Edition:1. ed.
Series:Biblioteca general (Barcelona, Spain) ; 18.
Subjects:

MARC

Tag First Indicator Second Indicator Subfields
LEADER 00000cam a2200000 a 4500
001 in00001403652
005 20151020053123.0
008 950626s1994 sp b 000 0 spa
010 |a  95170017  
019 |a 32446860 
020 |a 8477690715 
035 |a (OCoLC)34285845 
035 |9 AHM7095AM 
040 |a DLC  |c DLC  |d VA@  |d YSM  |d NYP  |d PL#  |d UtOrBLW 
049 |a TXAM 
050 0 0 |a PN56.I65  |b B35 1994 
082 0 0 |a 809/.918  |2 20 
100 1 |a Ballart, Pere,  |d 1964- 
245 1 0 |a Eironeia :  |b la figuración irónica en el discurso literario moderno /  |c Pere Ballart. 
250 |a 1. ed. 
264 1 |a Barcelona :  |b Quaderns Crema,  |c 1994. 
300 |a 562 pages :  |b illustrations ;  |c 21 cm. 
336 |a text  |b txt  |2 rdacontent 
337 |a unmediated  |b n  |2 rdamedia 
338 |a volume  |b nc  |2 rdacarrier 
490 1 |a Biblioteca general ;  |v 18 
504 |a Includes bibliographical references (pages 535-562). 
650 0 |a Irony. 
653 |a Novela  |a España  |a Siglo XX. 
653 |a Literatura contemporánea  |a España  |a Siglo XX. 
830 0 |a Biblioteca general (Barcelona, Spain) ;  |v 18. 
948 |a c:pk 
999 |a MARS 
999 f f |s 07bdedb8-560f-3f74-8267-cb5c77142bc8  |i 24952681-e32e-3c59-bbc0-526e3a7c555f  |t 0 
952 f f |p ric  |a Texas A&M University  |b Rellis Campus  |c Joint Library Facility  |d Remote Storage  |t 0  |e PN56.I65 B35 1994  |h Library of Congress classification  |i unmediated -- volume  |m A14822532012 
998 f f |a PN56.I65 B35 1994  |t 0  |l Remote Storage